| 000 | 01112nam a2200265Ia 4500 | ||
|---|---|---|---|
| 003 | OSt | ||
| 005 | 20220923211934.0 | ||
| 006 | a|||||r|||| 00| 0 | ||
| 007 | ta | ||
| 008 | 220922b |||||||| |||| 00| 0 hin d | ||
| 024 | _a74,026 | ||
| 037 | _cTextual | ||
| 040 |
_aARTS _cARTS _bhin |
||
| 041 |
_2hin _ahin |
||
| 082 | _aR635x1,1:g, 152L4 | ||
| 100 |
_aकर्णाटक, विमला _9156369 |
||
| 245 | 0 | _aव्याख्याकारो की दृष्टि से पातण्जल योग सूत्र का समीक्षात्म अध्ययन | |
| 246 | _aVyākhyākāro kī dṛuṣhṭi se pātaṇjal yog sūtra kā samīkṣhātma adhyayana | ||
| 260 |
_aवाराणसी _b काशी विश्वविद्यालय _c1974 |
||
| 650 |
_a पताजंलि योग-सूत्र _9161724 |
||
| 650 | _a भारतीय दर्शन | ||
| 650 | _aभारतीय दर्शन | ||
| 942 |
_hR635x1,1:g, 152L4 _cTEXL _2CC |
||
| 999 |
_c304693 _d304693 |
||